| 000 | 00662nam a2200217 a 4500 | ||
|---|---|---|---|
| 001 | 42815 | ||
| 003 | BD-RjUL | ||
| 005 | 20211209053610.0 | ||
| 008 | 160616s1967 enka 00100 eng d | ||
| 035 | _a(BD-RjUL)42933 | ||
| 040 |
_beng _cBD-RjUL _aBD-RjUL |
||
| 041 | _aeng | ||
| 082 | 0 |
_a330.1 _223 _bSHY 1967 |
|
| 100 | 1 |
_aShackle, G. L. S. _9131570 |
|
| 245 | 1 | 4 |
_aThe years of high theory : _binvention and tradition in economic thought 1926-1939 / _c G. L. S. Shackle. |
| 260 |
_aCambridge : _bCambridge University Press, _cc1967. |
||
| 300 |
_avii, 328 p : _bill ; _c21 cm. |
||
| 500 | _aIncludes index. | ||
| 650 |
_aEconomics _9131571 |
||
| 942 |
_2ddc _cBK |
||
| 999 |
_c42815 _d42815 |
||